BIBLIOTECA PODER JUDICIAL
Portal Judicial TDF

Breve comentario al decreto 972/2024 de propiedad intelectual : (Registro nro. 5444)

000 -LEADER
fixed length control field 00913nab a22002057a 4500
003 - CONTROL NUMBER IDENTIFIER
control field OSt
005 - DATE AND TIME OF LATEST TRANSACTION
control field 20251020130316.0
008 - FIXED-LENGTH DATA ELEMENTS--GENERAL INFORMATION
fixed length control field 190604e xxu||||| |||| 00| 0 spa d
040 ## - CATALOGING SOURCE
Transcribing agency PJ
100 ## - MAIN ENTRY--PERSONAL NAME
9 (RLIN) 6452
Personal name Mastronardi, María del Carmen
245 10 - TITLE STATEMENT
Title Breve comentario al decreto 972/2024 de propiedad intelectual :
Remainder of title régimen jurídico de las obras inéditas /
Statement of responsibility, etc María del Carmen Mastronardi.
260 ## - PUBLICATION, DISTRIBUTION, ETC. (IMPRINT)
Place of publication, distribution, etc Ciudad Autónoma de Buenos Aires :
Name of publisher, distributor, etc Thomson Reuters La Ley,
Date of publication, distribution, etc 2025.
300 ## - PHYSICAL DESCRIPTION
Extent p. 31-33
500 ## - GENERAL NOTE
General note Cita Online: TR LALEY AR/DOC/488/2025.<br/>
505 ## - FORMATTED CONTENTS NOTE
Title ¿Te interesa el texto completo? Solicitalo al correo: koha@justierradelfuego.gov.ar<br/>
650 #0 - SUBJECT ADDED ENTRY--TOPICAL TERM
9 (RLIN) 3459
Topical term or geographic name as entry element DERECHOS DE AUTOR
650 #0 - SUBJECT ADDED ENTRY--TOPICAL TERM
9 (RLIN) 3458
Topical term or geographic name as entry element PROPIEDAD INTELECTUAL
773 0# - HOST ITEM ENTRY
Host Biblionumber 2714
Host Itemnumber 3171
Place, publisher, and date of publication Ciudad Autónoma de Buenos Aires : Thomson Reuters La Ley, 2014-
Title Revista anales de legislación argentina. Nº 4 - Mayo 2025.
942 ## - ADDED ENTRY ELEMENTS (KOHA)
Source of classification or shelving scheme
Koha item type Analítica Artículo de Revista

No hay ítems disponibles.

12 de Octubre 789 Ushuaia - Tel:  54(02901)441571
Horario de Atención: 8.00 a 17.00 hs. 
bibliotecaush@justierradelfuego.gov.ar
koha@justierradelfuego.gov.ar
Seguinos en nuestras redes @bibliojustdf 

Con tecnología Koha